<?xml version="1.0" encoding="UTF-8"?>
<record
    xmlns:xsi="http://www.w3.org/2001/XMLSchema-instance"
    xsi:schemaLocation="http://www.loc.gov/MARC21/slim http://www.loc.gov/standards/marcxml/schema/MARC21slim.xsd"
    xmlns="http://www.loc.gov/MARC21/slim">

  <leader>00361nam a22001217a 4500</leader>
  <datafield tag="082" ind1=" " ind2=" ">
    <subfield code="a">297.462</subfield>
    <subfield code="b">PER</subfield>
    <subfield code="c">L-31,P-117</subfield>
  </datafield>
  <datafield tag="100" ind1=" " ind2=" ">
    <subfield code="a">Pervaiz</subfield>
    <subfield code="9">51038</subfield>
  </datafield>
  <datafield tag="245" ind1=" " ind2=" ">
    <subfield code="a">&#x634;&#x627; &#x6C1;&#x6A9;&#x627;&#x631; &#x631;&#x633;&#x627;&#x644;&#x62A;</subfield>
    <subfield code="b">&#x639;&#x645;&#x631; &#x641;&#x627;&#x631;&#x648;&#x642; &#x631;&#x636;&#x6CC; &#x627;&#x644;&#x644;&#x6C1; &#x639;&#x646;&#x6C1;  </subfield>
  </datafield>
  <datafield tag="260" ind1=" " ind2=" ">
    <subfield code="a">Lahore,</subfield>
    <subfield code="b">Idara Talooi islam,</subfield>
    <subfield code="c">1960.</subfield>
  </datafield>
  <datafield tag="300" ind1=" " ind2=" ">
    <subfield code="a">528p.</subfield>
  </datafield>
  <datafield tag="526" ind1=" " ind2=" ">
    <subfield code="a">0</subfield>
    <subfield code="b">0</subfield>
    <subfield code="c">0</subfield>
    <subfield code="d">297_462000000000000_PER</subfield>
  </datafield>
  <datafield tag="942" ind1=" " ind2=" ">
    <subfield code="2">ddc</subfield>
    <subfield code="c">BK</subfield>
  </datafield>
  <datafield tag="999" ind1=" " ind2=" ">
    <subfield code="c">553779</subfield>
    <subfield code="d">553779</subfield>
  </datafield>
  <datafield tag="952" ind1=" " ind2=" ">
    <subfield code="0">0</subfield>
    <subfield code="1">0</subfield>
    <subfield code="2">ddc</subfield>
    <subfield code="4">0</subfield>
    <subfield code="7">0</subfield>
    <subfield code="a">MCE</subfield>
    <subfield code="b">MCE</subfield>
    <subfield code="d">2017-03-15</subfield>
    <subfield code="l">0</subfield>
    <subfield code="o">297.462 PER</subfield>
    <subfield code="p">MCE-5232</subfield>
    <subfield code="r">2017-03-15</subfield>
    <subfield code="w">2017-03-15</subfield>
    <subfield code="y">BK</subfield>
  </datafield>
</record>
